[Event "DEN-ch KK 2020"]
[Site "Svendborg"]
[Date "2020.10.17"]
[Round "6.12"]
[White "Guindy, Esmat Susanne"]
[Black "Holm, Filip"]
[Result "1/2-1/2"]
[WhiteElo "2131"]
[BlackElo "2210"]
[Annotator "ChessBase"]
[PlyCount "62"]
[EventDate "2020.10.09"]
[EventType "tourn"]
[EventCountry "DEN"]
[SourceTitle "playchess.com"]
[Source "ChessBase"]
[SourceQuality "1"]
[TimeControl "40/5400+30:1800+30"]

1. c4 {[%emt 0:00:00]} d6 {[%emt 0:00:15]} 2. Nc3 {[%emt 0:00:19]} Nf6 {[%emt 0:00:37]} 3. g3 {[%emt 0:00:10]} g6 {[%emt 0:00:08]} 4. Bg2 {[%emt 0:00:11]} Bg7 {[%emt 0:00:08]} 5. d4 {[%emt 0:00:43]} O-O {[%emt 0:00:40]} 6. Nf3 {[%emt 0:00:08]} c5 {[%emt 0:01:38]} 7. O-O {[%emt 0:01:49]} Nc6 {[%emt 0:02:20]} 8. b3 {[%emt 0:12:22]} Bg4 {[%emt 0:02:20]} 9. Be3 {[%emt 0:08:08]} Qa5 {[%emt 0:06:09]} 10. Rc1 {[%emt 0:06:43]} Rfd8 {[%emt 0:04:37]} 11. d5 {[%emt 0:04:10]} Nb4 {[%emt 0:06:18]} 12. Qd2 {[%emt 0:08:23]} Nd7 {[%emt 0:05:31]} 13. a4 {[%emt 0:06:24]} Bf5 {[%emt 0:07:44]} 14. Na2 {[%emt 0:07:17]} b6 {[%emt 0:09:58]} 15. Nxb4 {[%emt 0:01:57]} Qxb4 {[%emt 0:00:11]} 16. Qxb4 {[%emt 0:02:46]} cxb4 {[%emt 0:00:09]} 17. Nd4 {[%emt 0:04:52]} Bxd4 {[%emt 0:00:15]} 18. Bxd4 {[%emt 0:00:53]} Nc5 {[%emt 0:00:10]} 19. Bxc5 {[%emt 0:01:52]} bxc5 {[%emt 0:00:14]} 20. Rfe1 {[%emt 0:02:03]} Bd7 {[%emt 0:03:06]} 21. e4 {[%emt 0:00:38]} f6 {[%emt 0:04:29]} 22. f4 {[%emt 0:00:32]} Re8 {[%emt 0:03:38]} 23. e5 {[%emt 0:00:34]} Bf5 {[%emt 0:00:12]} 24. e6 {[%emt 0:03:53]} g5 {[%emt 0:01:24]} 25. Bf3 {[%emt 0:07:21]} gxf4 {[%emt 0:06:39]} 26. Bh5 {[%emt 0:01:59]} Bg6 {[%emt 0:00:13]} 27. Bxg6 {[%emt 0:00:04]} hxg6 {[%emt 0:00:04]} 28. gxf4 {[%emt 0:00:19]} Kg7 {[%emt 0:04:38]} 29. Re3 {[%emt 0:01:16]} Rh8 {[%emt 0:00:21]} 30. h3 {[%emt 0:00:37]} Rh4 {[%emt 0:00:52]} 31. Rf1 {[%emt 0:00:12]} Rah8 {[%emt 0:02:17]} 1/2-1/2

[Event "DEN-ch KK 2020"]
[Site "Svendborg"]
[Date "2020.10.18"]
[Round "7.1"]
[White "Rewitz, Poul"]
[Black "Thorsbro, Peter"]
[Result "1-0"]
[WhiteElo "2222"]
[BlackElo "2165"]
[Annotator "TA"]
[PlyCount "75"]
[EventDate "2020.10.09"]
[EventType "tourn"]
[EventCountry "DEN"]
[SourceTitle "playchess.com"]
[Source "ChessBase"]
[SourceQuality "1"]

{[%evp 14,75,-8,-8,0,-18,-12,-20,-13,-12,37,33,259,270,290,281,336,215,258,186,185,181,183,175,197,155,147,165,167,142,181,149,132,162,202,175,455,421,1041,1068,859,704,729,197,213,197,183,170,879,843,818,820,29987,29988,29995,29971,29965,29965,29989,879,29987,29988,29991,29992]} 1. f4 g6 2. c3 Nf6 3. Nf3 Bg7 4. g3 d5 5. Bg2 O-O 6. O-O c5 7. d3 Nc6 8. Na3 Re8 {A03: Bird's Opening with 1...d5.} 9. Nh4 d4 {[#]} 10. Bd2 $146 ({Predecessor:} 10. e4 dxe3 11. Bxe3 Nd7 12. f5 e6 13. fxg6 hxg6 14. Qe2 Qe7 15. Be4 Bf6 16. Bxg6 fxg6 17. Nxg6 {0-1 (25) Becx,C (2078)-Lai,H (2392) Delft 2017}) 10... Nd5 {[%cal Rd4c3] The position is equal.} 11. Rc1 (11. Qb3 {is interesting.} e6 12. Nf3 b6 13. Nc4 Bb7 14. a4) 11... dxc3 12. bxc3 Nxc3 $2 {This move loses the game for Black.} (12... e5 $14) 13. Rxc3 $18 ({Inferior is} 13. Bxc3 Bxc3 14. Nc4 Na5 $15) 13... Bxc3 14. Bxc3 Nd4 15. Nc2 Rb8 16. Nf3 Nxf3+ 17. Bxf3 b5 18. Qd2 f6 19. Ne3 Bb7 20. Bg4 Qd6 21. a4 h5 22. Bf3 Bxf3 23. Rxf3 ({Of course not} 23. exf3 $6 bxa4 24. Qc2 Kf8 $11) 23... a6 24. h4 Red8 $2 (24... Kh7 25. Qa2 Rg8 26. axb5 axb5) 25. f5 c4 (25... g5 $142 26. hxg5 c4) 26. fxg6 Qc5 27. Rf5 e5 28. Rf2 $2 (28. Bb4 Qb6 29. Ba5) 28... b4 29. Nf5 $1 {aiming for Qh6.} bxc3 30. Qh6 $1 {[%csl Gf5][%cal Rh6g7]} Rb1+ $2 (30... Rd7 31. g7 c2) 31. Kg2 {[%csl Gf5][%cal Rh6g7]} Rb7 32. g7 {White threatens Qh8+ and mate.} Qd5+ 33. e4 Qxd3 34. Qg6 {[%cal Rf5h6]} Qxe4+ {[#]} 35. Kh2 $1 {[%cal Rf5h6][%mdl 512]} Qxf5 36. Qxf5 (36. Rxf5 $142 Rf7 37. Qh6 Rxg7 38. Qxf6 {[%mdl 64] Double Attack} Re8 {[#]} 39. Qc6 $1 {[%mdl 512]} Rf8 40. Qd5+ Rgf7 41. Qe6 $1 {[%mdl 512]}) 36... Rxg7 37. Qe6+ {[%mdl 64] Double Attack} Kh8 38. Rxf6 {Av CentiPawn Loss W=-37/B=-130. Weighted=-46/-90} 1-0

[Event "DEN-ch KK 2020"]
[Site "Svendborg"]
[Date "2020.10.18"]
[Round "7.2"]
[White "Kistrup, Nicolai"]
[Black "Carstensen, Jacob"]
[Result "1/2-1/2"]
[WhiteElo "2128"]
[BlackElo "2350"]
[Annotator "TA"]
[PlyCount "41"]
[EventDate "2020.10.09"]
[EventType "tourn"]
[EventCountry "DEN"]
[SourceTitle "playchess.com"]
[Source "ChessBase"]
[SourceQuality "1"]

{[%evp 13,28,0,0,0,0,0,0,0,12,0,3,0,20,13,35,22,44]} 1. d4 Nf6 2. c4 e6 3. Nc3 Bb4 4. Qc2 O-O 5. e4 d5 6. e5 Ne4 7. Bd3 c5 8. Nf3 $1 {The main line 8.Nf3 scores better than 8.Nge2. E32: Nimzo-Indian: Classical (4 Qc2): 4...0-0.} cxd4 9. Nxd4 Nd7 10. Bf4 Ndc5 11. O-O Bxc3 12. bxc3 Nxd3 13. Qxd3 Qc7 14. Rfe1 b6 {[#] Black got outplayed after the opening} {Predecessor:} 15. Re3 $146 Ba6 16. Qd1 Bxc4 17. Qg4 Qd7 18. f3 Nc5 19. Bg5 Kh8 20. Qh4 Bd3 21. Be7 {1-0 (41) Brooks,I (2595)-Pligin,S (2446) ICCF email 2008} 1/2-1/2

[Event "DEN-ch KK 2020"]
[Site "Svendborg"]
[Date "2020.10.18"]
[Round "7.3"]
[White "Rey Malde, Henrique"]
[Black "Kakulidis, Ellen"]
[Result "1-0"]
[WhiteElo "2201"]
[BlackElo "2073"]
[Annotator "TA"]
[PlyCount "97"]
[EventDate "2020.10.09"]
[EventType "tourn"]
[EventCountry "DEN"]
[SourceTitle "playchess.com"]
[Source "ChessBase"]
[SourceQuality "1"]

{[%evp 12,97,22,16,33,14,23,0,0,0,0,0,0,0,7,3,0,0,24,0,0,0,0,0,26,37,39,0,0,0,4,0,3,12,27,27,39,43,56,34,34,23,39,20,50,19,105,0,0,0,0,-163,-173,-168,-122,-95,-12,-28,-3,-8,125,-8,0,-71,25,19,199,182,238,0,84,83,86,97,94,93,114,107,131,115,169,195,463,453,504,500,547,491]} 1. e4 c5 2. Nf3 d6 3. d4 cxd4 4. Nxd4 Nf6 5. Nc3 a6 6. h3 e5 7. Nde2 h5 {B90: Sicilian Najdorf: Unusual White 6th moves, 6 Be3 Ng4 and 6 Be3 e5.} 8. Bg5 Be6 9. Bxf6 Qxf6 {The position is equal.} 10. Nd5 Qd8 $1 11. Qd3 Nd7 12. Nec3 g6 13. O-O-O Rb8 14. Kb1 b5 15. g3 Nc5 16. Qf3 {Threatening Nf6+.} Bg7 17. Ne3 {[#]} b4 $146 ({Predecessor:} 17... Rb7 18. Bg2 b4 19. Ncd5 a5 20. Nc4 O-O 21. Qe3 Na4 22. g4 h4 23. Rd3 Kh7 24. Nxd6 Rd7 25. Nc4 Qb8 26. Ncb6 {½-½ (26) Cavajda,I (2470)-Janisch,M (2424) ICCF email 2018}) 18. Ncd5 a5 19. Bc4 a4 20. g4 b3 21. cxb3 axb3 22. a3 Rb7 23. Rhg1 hxg4 24. hxg4 Ra7 25. Rh1 Rxh1 26. Rxh1 Kf8 27. Qg2 Ra4 28. f3 Qg5 (28... Bxd5 $1 $11 29. Bxd5 Rd4) 29. Qe2 (29. Qd2 $1 $16 Qd8 30. Nb4) 29... Bh6 $1 $11 30. Rd1 Kg7 31. Nf1 $2 (31. Rh1 $11) 31... Bxd5 $1 $19 32. exd5 Qf4 33. Nd2 f5 ({Weaker is} 33... Qd4 34. Bb5 $16) (33... Bg5 $1 $17) 34. gxf5 $1 $11 gxf5 35. Qg2+ Kf6 {[#]} (35... Bg5 $11 {remains equal.}) 36. Qh3 (36. Qg8 $1 $16 {[%cal Rg8d8]} Rxc4 37. Nxc4 Qxc4 38. Rg1 Qd3+ 39. Ka1) 36... Qg5 37. Qh2 (37. f4 $11 Qxf4 38. Rf1) 37... Qf4 ({Black should try} 37... Ke7 $17) 38. Qh5 {Strongly threatening Rg1.} Qg5 $2 (38... Ke7 $11 {and Black stays safe.}) 39. Qe8 $18 Qg7 (39... Kg7 $142 40. Rh1 Ra7 41. Nxb3 Nxb3 42. Bxb3 Rc7) 40. Qb8 $2 ({Worse is} 40. Bxb3 Rd4 $11) (40. Nxb3 $18 Qf8 41. Qb5 Nxb3 42. Qxa4 Nd2+ 43. Ka2 Nxf3 44. Rh1) 40... Qe7 (40... Qf8 $1 $11 {keeps the balance.} 41. Qxf8+ Bxf8) 41. Bxb3 $16 Rd4 42. Nc4 Nxb3 43. Qxb3 {aiming for Rxd4.} Rxd1+ 44. Qxd1 e4 45. Qd4+ Kf7 {[#]} (45... Kg6 $16 46. fxe4 fxe4) 46. fxe4 $1 $18 Bg7 $2 (46... fxe4 {was worth a try.} 47. Kc2 Kg8 48. Qg1+ Bg5) 47. Qe3 {White is clearly winning.} Qc7 48. b3 Qd7 49. Qf4 {What a fight! Av CentiPawn Loss W=-22/B=-33. Weighted=-35/-31} 1-0

[Event "DEN-ch KK 2020"]
[Site "Svendborg"]
[Date "2020.10.18"]
[Round "7.5"]
[White "Liu, Casper"]
[Black "Georgescu, Lena"]
[Result "0-1"]
[WhiteElo "2155"]
[BlackElo "2276"]
[Annotator "TA"]
[PlyCount "54"]
[EventDate "2020.10.09"]
[EventType "tourn"]
[EventCountry "DEN"]
[SourceTitle "playchess.com"]
[Source "ChessBase"]
[SourceQuality "1"]

{[%evp 9,54,-4,14,18,19,7,40,32,67,60,73,-58,-51,-63,-5,-277,-43,-53,-32,-56,-45,-18,11,32,82,0,0,0,0,0,0,-137,-141,-146,-160,-165,-182,-178,-153,-159,-156,-183,0,-347,-333,-29987,-29988]} 1. d4 Nf6 2. Bf4 g6 3. Nc3 d5 4. Qd2 Bg7 5. O-O-O O-O 6. f3 {A45: Trompowsky Attack.} c5 7. e3 {[#]} c4 $146 ({Predecessor:} 7... Nc6 8. g4 a6 9. Kb1 cxd4 10. exd4 b5 11. Nge2 b4 12. Na4 Re8 13. h4 Qa5 {1-0 (25) Dreisch,J (2106)-Storkebaum,K (2279) ICCF email 2016}) 8. e4 {White is slightly better.} a6 9. e5 Ne8 10. Bh6 (10. a3 $16) 10... b5 $15 11. Nce2 b4 (11... Nc6 $15) 12. c3 $2 {[%mdl 8192]} (12. Bxg7 $1 $11 Nxg7 13. Qxb4) 12... bxc3 $2 (12... Qa5 $19 13. Kb1 Bf5+ 14. Ka1 Bxh6 15. Qxh6 Nc6) 13. Nxc3 Nc6 14. g4 Rb8 15. h4 Be6 16. h5 {Threatens to win with Bxg7.} Qa5 $1 (16... Bxh6 $2 17. Qxh6 g5 18. Nh3 $18 (18. Qxg5+ Kh8 $14)) 17. hxg6 ({White should try} 17. Rh2 $16) 17... fxg6 $11 18. Bxg7 Nxg7 19. Qh6 Rxb2 $1 20. Kxb2 (20. Qxh7+ $11 {was the only way to keep the balance.} Kf7 21. Kxb2 Rb8+ 22. Kc2 Nb4+ 23. Kd2 Nxa2 24. Ke3 Nxc3 25. Rd2) 20... Rb8+ $17 21. Kc2 Nb4+ $1 {[%cal Bc6b4,Bb4a2,Ba2c3][%mdl 32]} 22. Kd2 Nxa2 23. Ke3 (23. Qxh7+ $2 Kf8 $19) 23... Nxc3 ({Inferior is} 23... Qxc3+ 24. Kf2 $11) 24. Rd2 ({Don't go for} 24. Qxh7+ $2 Kf8 $19) 24... Nb1 $40 {[%csl Gb1][%cal Ra5d2][%mdl 128] White is in trouble.} 25. Qxh7+ Kf7 $2 ({Black should play} 25... Kf8 $19 {[%csl Gb1][%cal Ra5d2]} 26. Re2 Qc3+ 27. Kf2 Qxd4+ 28. Kg2 Nc3 29. Qxg6 (29. Qh8+ $2 Bg8 $19) 29... Nxe2 30. Nxe2 Qxe5 31. Rh8+ Bg8) 26. Rc2 $2 {[%mdl 8192] [#]} (26. Rd1 $11 {and White stays safe.} Qc3+ 27. Kf2 Qc2+ 28. Be2) 26... Qe1+ $1 $19 27. Be2 $2 {[#]} (27. Kf4 $19 Qd1 28. Rf2 Qxd4+ 29. Kg3 Qxe5+ 30. Kg2) 27... g5 $1 {Av CentiPawn Loss W=-92/B=-30. Weighted=-73/-32} 0-1

[Event "DEN-ch KK 2020"]
[Site "Svendborg"]
[Date "2020.10.18"]
[Round "7.6"]
[White "Meskenas, Paulius"]
[Black "Matthiesen, Martin"]
[Result "0-1"]
[WhiteElo "2032"]
[BlackElo "2301"]
[Annotator "TA"]
[PlyCount "80"]
[EventDate "2020.10.09"]
[EventType "tourn"]
[EventCountry "DEN"]
[SourceTitle "playchess.com"]
[Source "ChessBase"]
[SourceQuality "1"]

{[%evp 19,80,-7,37,11,6,7,10,0,5,-16,-12,-6,-22,-21,-19,-19,-8,-15,-16,-25,-25,-28,-25,-31,-27,-30,-31,-29,-32,-97,-18,-8,44,30,56,0,0,-100,-99,-91,-108,-108,-116,-331,-344,-340,-310,-434,-440,-439,-459,-562,-490,-491,-268,-838,-781,-891,-927,-737,-651,-2089,-1873]} 1. e4 e6 2. d4 d5 3. exd5 exd5 4. c4 Nf6 5. Nc3 Be7 6. Nf3 O-O 7. Bd3 dxc4 8. Bxc4 Bg4 9. Be3 {9.Be3 is better than 9.0-0.} Nc6 10. O-O Nb4 11. Rc1 {[#] C01: French: Exchange Variation.} Nbd5 $146 ({Predecessor:} 11... c6 12. Re1 Nbd5 13. Bg5 h6 14. Bh4 Re8 15. Qd3 Nf4 16. Qe3 Bxf3 17. Qxf4 Bh5 18. Re5 Bg6 {½-½ (70) Sernecki,F (2278)-Baum,J (2302) Marianske Lazne 2019}) 12. Bg5 c6 13. a3 {The position is equal.} Be6 {With the idea ...Nxc3.} 14. Nxd5 Nxd5 15. Bxe7 Qxe7 16. Re1 Rad8 17. Qb3 Nf4 18. g3 Bxc4 19. Qxc4 Ne6 20. Rcd1 Rd5 21. Re4 Rfd8 22. Rde1 h6 23. h4 Qf6 24. Qb3 ({White should try} 24. Qc3 $15) 24... g6 (24... c5 $17 {[%cal Rc5d4]} 25. Re5 Nxd4 26. Re8+ Kh7 27. Nxd4 cxd4 28. Qd3+ Qg6) 25. Kg2 Kg7 ({Better is} 25... R8d6 $11) 26. Qxb7 $14 {[#] Threatens to win with Rxe6.} R8d7 27. Qb8 ({White should play} 27. Qa6 $14) 27... Rb5 $11 28. Qe8 (28. Qc8 $11 {keeps the balance.} Rd6 29. Qa6 (29. b4 Rf5 $11)) 28... Rd8 $36 {[%mdl 2048] Black is on the roll.} 29. Rxe6 {[%mdl 64] [#] Double Attack} Rxe8 30. Rxf6 Rxe1 31. Nxe1 $2 {Now White is beyond hope.} (31. Rxc6 $17 Re6 32. Rc2) 31... Kxf6 {[%mdl 4096] Endgame KR-KN} 32. b4 Ke6 33. Nd3 Kd5 34. Ne5 Rb7 35. Kf3 Kxd4 36. Nxc6+ Kc3 (36... Kd5 $142 37. Na5 Rc7) 37. a4 $2 (37. Ke4) 37... Rc7 $19 {Black is clearly winning.} 38. b5 Kb3 39. a5 Ka4 40. b6 axb6 {Av CentiPawn Loss W=-74/B=-24. Weighted=-84/-22} 0-1

[Event "DEN-ch KK 2020"]
[Site "Svendborg"]
[Date "2020.10.18"]
[Round "7.7"]
[White "Laursen, Niels Norskov"]
[Black "Thuesen, Mogens"]
[Result "0-1"]
[WhiteElo "2247"]
[BlackElo "2210"]
[Annotator "RC"]
[PlyCount "46"]
[EventDate "2020.10.09"]
[EventType "tourn"]
[EventCountry "DEN"]
[SourceTitle "playchess.com"]
[Source "ChessBase"]
[SourceQuality "1"]
[TimeControl "40/5400+30:1800+30"]

1. e4 {[%emt 0:00:00]} e6 {[%emt 0:00:40]} 2. d4 {[%emt 0:00:00]} d5 {[%emt 0:00:04]} 3. Nc3 {[%emt 0:00:00]} Nf6 {[%emt 0:00:56]} 4. e5 {[%emt 0:00:00]} Nfd7 {[%emt 0:00:05]} 5. f4 {[%emt 0:00:00]} c5 {[%emt 0:00:05]} 6. Nf3 {[%emt 0:00:07]} Nc6 {[%emt 0:00:06]} 7. Be3 {[%emt 0:00:21]} h6 {[%emt 0:00:24]} 8. dxc5 {[%emt 0:21:35]} Bxc5 {[%emt 0:08:25]} 9. Qd2 {[%emt 0:09:48]} Qb6 {[%emt 0:06:33]} 10. Bxc5 {[%emt 0:00:54]} Nxc5 {[%emt 0:01:15]} 11. O-O-O {[%emt 0:03:19]} Bd7 {[%emt 0:04:29]} 12. Bd3 {[%emt 0:04:59]} O-O-O {[%emt 0:07:35]} 13. h4 {[%emt 0:13:57]} Nb4 {[%emt 0:08:17]} 14. Kb1 {[%emt 0:04:09]} Bc6 {[%emt 0:06:15]} 15. Rhe1 {[%emt 0:13:25]} d4 {[%emt 0:10:40]} 16. Ne4 {[%emt 0:00:44]} Na4 {[%emt 0:00:25]} 17. Nd6+ {[%emt 0:08:53]} Rxd6 {[%emt 0:01:10]} 18. exd6 {[%emt 0:00:04]} Nxa2 {[%emt 0:18:14]} 19. b3 {[%emt 0:01:32]} N2c3+ {[%emt 0:01:44]} 20. Kc1 {[%emt 0:02:57]} Qb4 {[%emt 0:01:13]} 21. d7+ {[%emt 0:01:49]} Kb8 {[%emt 0:03:08]} 22. Qf2 {[%emt 0:00:43]} Bxf3 {[%emt 0:02:17]} 23. bxa4 {[%emt 0:05:47]} Na2# 0-1

[Event "DEN-ch KK 2020"]
[Site "Svendborg"]
[Date "2020.10.18"]
[Round "7.8"]
[White "Easwaralingam, Adesh"]
[Black "Guindy, Esmat Susanne"]
[Result "1-0"]
[WhiteElo "2110"]
[BlackElo "2131"]
[Annotator "TA"]
[PlyCount "75"]
[EventDate "2020.10.09"]
[EventType "tourn"]
[EventCountry "DEN"]
[SourceTitle "playchess.com"]
[Source "ChessBase"]
[SourceQuality "1"]

{[%evp 21,75,41,39,29,36,47,43,4,62,79,80,91,161,158,139,154,153,165,496,526,491,260,565,559,553,510,528,542,539,518,541,543,531,541,521,525,517,525,877,866,827,576,535,506,690,700,700,702,1405,1392,1817,1754,1632,1450,5813,5813]} 1. e4 e6 2. d4 d5 3. Nd2 Nf6 4. e5 Nfd7 5. Bd3 c5 6. c3 Nc6 7. Ne2 cxd4 8. cxd4 f6 9. Nf4 Nxd4 10. Qh5+ Ke7 11. exf6+ Nxf6 {[#]} 12. Ng6+ $1 {[%mdl 512] C06: French Tarrasch: 3...Nf6 4 e5 Nfd7 5 Bd3 main lines.} hxg6 13. Qxh8 Kf7 {Threatens to win with ...e5.} 14. Qh4 {White is slightly better.} Nf5 (14... e5 $11 15. Nf3 Nxf3+ 16. gxf3 Bf5 17. Bxf5 gxf5) 15. Bxf5 $1 $14 {Black is now going downhill.} gxf5 16. Nf3 {[#]} Qd6 $146 {[#]} (16... Bd6 $16 {might work better.}) ({Predecessor:} 16... Bd6 17. Qd4 Qc7 18. Bg5 Bc5 19. Qh4 Be7 20. O-O e5 21. Rac1 Qd6 22. Qh8 Bf8 {½-½ (41) Ayats Llobera,G (2175)-Lopez Pajuelo,A (1903) Llinars del Valles 2016}) 17. O-O $1 $18 {And now Bf4 would win.} e5 18. Re1 Ne4 19. Qh5+ g6 $2 (19... Kg8 {is a better chance.}) 20. Qh7+ Ke8 21. Nh4 (21. Bh6 $142) 21... g5 $2 (21... f4 {is tougher.} 22. f3 (22. Qxg6+ Qxg6 23. Nxg6 Bc5 $16) (22. Nxg6 Bf5 $15) 22... Qb6+ 23. Be3 Ng5) 22. Qh5+ {White is clearly winning.} Kd8 23. Bxg5+ Kc7 24. Rac1+ Kb6 {[#]} 25. Nxf5 $1 {[%mdl 512]} Bxf5 26. Be3+ {[%mdl 64] Discovered Attack} d4 {...Bg6 is the strong threat.} 27. Qxf5 {Hoping for Bxd4+!} dxe3 28. Qxe4 exf2+ 29. Kxf2 Bh6 30. Rc3 Rf8+ 31. Rf3 Qc5+ 32. Kf1 Bf4 33. g3 Bd2 34. Re2 Bg5 35. Qg6+ Ka5 36. Rxf8 Qxf8+ {[#]} 37. Kg2 $1 Bf6 38. Rf2 {Av CentiPawn Loss W=-28/B=-131. Weighted=-15/-152} 1-0

[Event "DEN-ch KK 2020"]
[Site "Svendborg"]
[Date "2020.10.18"]
[Round "7.9"]
[White "Steffensen, Elena"]
[Black "Jaksland, Tim"]
[Result "1/2-1/2"]
[WhiteElo "2081"]
[BlackElo "2247"]
[Annotator "TA"]
[PlyCount "30"]
[EventDate "2020.10.09"]
[EventType "tourn"]
[EventCountry "DEN"]
[SourceTitle "playchess.com"]
[Source "ChessBase"]
[SourceQuality "1"]

{[%evp 10,30,0,-14,7,4,-1,-10,0,-14,12,-19,-18,-19,-19,-19,-13,-18,-10,-24,19,12,38]} 1. e4 c5 2. Nc3 Nc6 3. f4 g6 4. Nf3 Bg7 5. d3 d6 6. Be2 Bg4 {B23: Closed Sicilian: Lines without g3.} 7. O-O e6 8. h3 Bxf3 9. Bxf3 Nge7 10. Be3 Nd4 {[#]} 11. Ne2 $146 ({Predecessor:} 11. Qc1 O-O 12. Ne2 Nxf3+ 13. Rxf3 b6 14. Bd2 d5 15. Bc3 d4 16. Be1 Nc6 17. Ng3 {½-½ (17) Uebelacker,S-Weil,A Marburg 2000}) 11... Nxf3+ 12. Rxf3 O-O 13. c3 Qd7 14. d4 cxd4 15. Bxd4 Rfd8 {An uneventful encounter.} 1/2-1/2

[Event "DEN-ch KK 2020"]
[Site "Svendborg"]
[Date "2020.10.18"]
[Round "7.10"]
[White "Rossen, Claus"]
[Black "Nordenbaek, Jan"]
[Result "1/2-1/2"]
[WhiteElo "2099"]
[BlackElo "2238"]
[Annotator "TA"]
[PlyCount "39"]
[EventDate "2020.10.09"]
[EventType "tourn"]
[EventCountry "DEN"]
[SourceTitle "playchess.com"]
[Source "ChessBase"]
[SourceQuality "1"]

{[%evp 19,26,7,7,0,-2,-16,-16,-10,-16]} 1. e4 c5 2. Nf3 d6 3. d4 Nf6 4. Nc3 cxd4 5. Nxd4 g6 6. Be3 Bg7 7. f3 O-O 8. Qd2 Nc6 9. O-O-O d5 10. Kb1 Nxd4 {The position is equal.} 11. Bxd4 {B76: Sicilian Dragon: Yugoslav Attack, 9 g4 and 9 0-0-0.} dxe4 12. Bxf6 Qxd2 13. Rxd2 Bxf6 {[#] A rather calm draw.} {Predecessor:} 14. Nxe4 $146 Be5 15. Bc4 Bf5 16. Ng3 Rad8 17. Rxd8 Rxd8 18. Nxf5 gxf5 19. Bd3 e6 20. h3 {½-½ (55) Alfirevic,D (1990)-Cvitan,O (2488) Zagreb 2019} 1/2-1/2

[Event "DEN-ch KK 2020"]
[Site "Svendborg"]
[Date "2020.10.18"]
[Round "7.11"]
[White "Hansen, Lars Bo"]
[Black "Hald Falkesgaard, Jeppe"]
[Result "1-0"]
[WhiteElo "2560"]
[BlackElo "1984"]
[Annotator "TA"]
[PlyCount "87"]
[EventDate "2020.10.09"]
[EventType "tourn"]
[EventCountry "DEN"]
[SourceTitle "playchess.com"]
[Source "ChessBase"]
[SourceQuality "1"]

{[%evp 9,87,30,37,33,43,34,50,8,8,4,1,0,14,-9,20,-6,-8,-4,20,20,45,20,59,31,62,50,89,38,80,66,72,72,327,316,375,349,839,832,721,583,556,238,523,497,924,910,1126,1102,1837,1788,29987,29988,29988,29989,29990,29983,29972,6558,6558,2746,2039,1712,1431,902,876,854,770,761,772,752,858,820,1027,1026,1027,1014,1197,1159,1347,1258]} 1. d4 Nf6 2. Bg5 c5 3. d5 Ne4 4. Bf4 Qb6 5. Bc1 d6 6. f3 {A45: Trompowsky Attack.} Nf6 7. e4 e6 8. Na3 $5 {[%mdl 4] White is slightly better. An interesting side line.} exd5 9. exd5 Be7 10. Ne2 {[#]} O-O $146 ({Predecessor:} 10... Nbd7 11. Nc4 Qc7 12. Nc3 a6 13. a4 O-O 14. Be2 Rb8 15. a5 b5 16. axb6 Nxb6 {0-1 (32) Arpita,M (1916)-Aakanksha,H (2061) Jammu 2015}) 11. Ng3 Nbd7 12. Nc4 Qc7 13. a4 Nb6 14. Ne3 Re8 15. Be2 Nbd7 16. c4 a6 17. O-O Rb8 18. a5 ({White should play} 18. b3 $16) 18... h5 19. f4 g6 20. Bd3 Bf8 $2 {[%mdl 8192] [#] Loses the game.} (20... h4 $16) 21. f5 $18 h4 22. fxg6 hxg3 $2 (22... fxg6 23. Bxg6 Rxe3) 23. gxf7+ Kxf7 24. Qh5+ ({Less strong is} 24. Qg4 gxh2+ 25. Kh1 Ke7 $18) 24... Ke7 25. Nf5+ Kd8 26. Bg5 gxh2+ (26... b5 $142 27. Nh6 Qb7) 27. Kh1 b6 28. Qf7 bxa5 29. Rae1 {[%csl Gf7][%cal Re1e8] [#]} Ne5 30. Bxf6+ Be7 31. Rxe5 dxe5 32. Nxe7 {[%csl Gd5][%cal Re7c6]} Bd7 33. Nc6+ (33. Bf5 $142 Ra8 34. Nc6+ {[%mdl 64] Discovered Attack (Double check)} Kc8 35. Qxe8+ Kb7 36. Qxd7 Qxd7 37. Bxd7 Rf8 38. Nxe5) 33... Kc8 {White is clearly winning.} 34. Nxb8 (34. Bf5 $142 Ra8 35. Qxe8+ Kb7 36. Qxd7 Qxd7 37. Bxd7) 34... Kxb8 35. Bf5 Ba4 36. Qxc7+ Kxc7 37. Kxh2 e4 38. Bg5 Bb3 39. Bf4+ Kb7 40. Re1 Rf8 41. g4 Bxc4 42. d6 Kc6 43. Bxe4+ Kb5 44. Bf5 {Av CentiPawn Loss W=-93/B=-86. Weighted=-101/-133} 1-0

[Event "DEN-ch KK 2020"]
[Site "Svendborg"]
[Date "2020.10.18"]
[Round "7.12"]
[White "Holm, Filip"]
[Black "Nilssen, Ellen Fredericia"]
[Result "1/2-1/2"]
[WhiteElo "2210"]
[BlackElo "2209"]
[Annotator "TA"]
[PlyCount "31"]
[EventDate "2020.10.09"]
[EventType "tourn"]
[EventCountry "DEN"]
[SourceTitle "playchess.com"]
[Source "ChessBase"]
[SourceQuality "1"]

{[%evp 12,14,9,5,9]} 1. e4 {Grivas,E} e6 2. d4 d5 3. e5 c5 4. c3 Nc6 5. Nf3 Bd7 6. Be2 f6 7. O-O cxd4 {[#] An uneventful encounter. C02: French: Advance Variation.} {Predecessor:} 8. cxd4 $146 fxe5 9. Nxe5 Bd6 10. Nxd7 Qxd7 11. Bh5+ g6 12. Bg4 Nge7 13. Re1 Nf5 14. Bxf5 gxf5 15. Qh5+ Qf7 16. Rxe6+ {1-0 (32) Predojevic,B (2644)-Nikolaidis,I (2529) Chalkida 2009 CBM 131 Extra [Grivas,E]} 1/2-1/2